Statistics for Amanyiku dzilize karinyo naMauricotanialircawik

Click here to take the quiz!

General Stats

  • This quiz has been taken 3 times
  • The average score is 8 of 20

Answer Stats

kmCountryamaila% Correct
0N0
100%
0Angola0
67%
0Namibia0
67%
622Andora387
33%
256Catalonia159
33%
679Galicia422
33%
680Inge taBasque423
33%
0Israyeli0
33%
0Kapa Verde0
33%
183Liechtenstein114
33%
811Monako504
33%
652San Marino405
33%
0Sudan0
33%
0Umbamo waGuinea0
33%
850Umbamo waMaldives528
33%
215Umbamo waMalta134
33%
658Umfumo waSwitzerland409
33%
0Uphende ta Afrika0
33%
613Vatican380
33%
926Yugoslavia575
33%

Score Distribution

Percentile by Number Answered

Percent of People with Each Score

Your Score History

You have not taken this quiz